| 000 | 00701nam a2200205 a 4500 | ||
|---|---|---|---|
| 001 | BRCA_1655 | ||
| 005 | 20190320203507.0 | ||
| 008 | 050207s2005 gaua---##b---#001-0#eng-d | ||
| 020 | _a0933075049 | ||
| 040 |
_aMoSR _cMoSR _dDNGA |
||
| 050 | 4 |
_aN743 _b.T45 2005 |
|
| 245 | 1 | 0 |
_aTelfair Museum of Art _bcollection highlights _cHollis Koons McCullough, editor. |
| 260 |
_aSavannah, Ga. _bTelfair Museum of Art _cc2005 |
||
| 300 |
_a320 p. _bil. a color _c32 cm. |
||
| 504 | _aIncluye referencias bibliográficas e índice | ||
| 610 | 2 | 4 |
_aTelfair Museum of Art _vCatálogos _95161 |
| 650 | 1 | 4 |
_aArte _vCatálogos _zGeorgia (Estados Unidos) _95162 |
| 700 | 1 |
_aMcCullough, Hollis Koons _95163 |
|
| 942 |
_2lcc _cB |
||
| 999 |
_c1453 _d1453 |
||